000 00277nam a22001337a 4500
008 170918b xxu||||| |||| 00| 0 eng d
020 _a9780073386164
041 _aeng
080 _a7
100 _a44
101 _aART
245 _aFILM ART
_cBORDWELL, D
942 _2udc
_cBK
999 _c27983
_d27983